[Event "Ojinaga Perla del Desierto op"]
[Site "Ojinaga"]
[Date "2023.10.27"]
[Round "4"]
[White "Martinez Hernandez, Victor Hugo"]
[Black "Sierra Arballo, Jesus"]
[Result "0-1"]
[WhiteElo "1694"]
[BlackElo "1787"]
[PlyCount "124"]
[EventDate "2023.10.26"]
[EventType "swiss"]
[EventRounds "7"]
[EventCountry "MEX"]
[SourceTitle "Mega2024 Update 01"]
[Source "Chessbase"]
[SourceDate "2023.11.12"]
[SourceVersion "1"]
[SourceVersionDate "2023.11.12"]
[SourceQuality "1"]

1. d4 Nf6 2. Bf4 g6 3. Nc3 Bg7 4. e4 d6 5. Qd2 h6 6. f3 c6 7. 0-0-0 Qa5 8. Kb1 Be6 9. Nge2 b5 10. Nc1 b4 11. N3e2 Na6 12. g4 Rc8 13. h4 Rb8 14. Be3 c5 15. Nf4 cxd4 16. Nxe6 fxe6 17. Bxd4 e5 18. Bxa7 Rb7 19. Nb3 Qa4 20. Be3 Nd7 21. Qd5 Rb8 22. Ba7 Nc7 23. Qa5 Qxa5 24. Nxa5 Rc8 25. Nc6 Ne6 26. Nxb4 0-0 27. Nd5 Rf7 28. Be3 Nd4 29. Bxd4 exd4 30. Be2 e6 31. Nb4 Nb6 32. b3 Rc5 33. Nd3 Rc3 34. f4 Rb7 35. Kc1 Ra7 36. a4 Rac7 37. Ne1 Rxb3 38. a5 Na4 39. Kd2 Ra3 40. a6 Nc5 41. Nd3 Nxe4+ 42. Ke1 Rxa6 43. Bf3 Nc5 44. Kf2 Nxd3+ 45. cxd3 Ra2+ 46. Kg3 Kf7 47. Rhe1 g5 48. fxg5 hxg5 49. Re2 Be5+ 50. Kh3 Rcc2 51. Rde1 Kf6 52. h5 Rxe2 53. Rxe2 Ra3 54. Be4 d5 55. Bg6 Bf4 56. Rc2 e5 57. Rc6+ Ke7 58. Rc7+ Kd6 59. Rc2 e4 60. h6 Rxd3+ 61. Kg2 Rg3+ 62. Kf2 Rxg4 0-1